Civilizations that Have Won the Most Battles 301-1300 - Statistics

General Stats
  • This quiz has been taken 180 times
  • The average score is 10 of 24
Answer Stats
Battles Won Answer % Correct
24 Rome
93%
13 France
82%
8 Germanic Tribes / HRE
80%
8 China
79%
5 Sassanids
77%
30 England
71%
6 Spain
69%
9 Ayyubids / Mameluk / Egypt
58%
8 Mongolia / Golden Horde
56%
63 Byzantine Empire
50%
6 Portugal
50%
6 Scotland
40%
8 Denmark
39%
6 Korea
35%
41 Umayyad / Rashidan / Abbasids
33%
5 Ireland
26%
11 Bulgaria
19%
14 Seljiuk Turks
17%
9 Gothic Tribes
15%
6 Normans
10%
6 Lithuania
8%
15 People's Crusades
7%
6 Berber Kingdoms
4%
6 Fatimids / Tulunids
3%
No matching quizzes found
Score Distribution
Percent of People with Each Score
Percentile by Number Answered
Your Score History
You have not taken this quiz